Agatha Christie Novels - Sudden Death - Statistics

General Stats
  • This quiz has been taken 1,207 times
    1,193 since last reset
  • The average score is 8 of 18
Answers on the Grid
Answers color-coded by a green-red scale on the quiz's grid according to % correct below.
And Then There Were None
Bring Up the Bodies
Murder on the Orient Express
Helter Skelter
The Girl on the Train
Evil Under the Sun
The Thirty-Nine Steps
Death on the Nile
A Study in Scarlet
The Bell Jar
The Amazon Killings
The Secret Garden
Death in Damascus
The ABC Murders
The Snows of Kilimanjaro
The Murder of Roger Ackroyd
The Seven Dials Mystery
The Big Four
Gosford Park
Tender is the Night
Brighton Rock
Death in the Clouds
The Thursday Murder Club
The Mysterious Affair at Styles
The Body in the Library
To the Lighthouse
Murder in Mesopotamia
The Murder at the Vicarage
Why Didn't They Ask Evans?
The Fountainhead
The Moving Finger
Sparkling Cyanide
The Little Drummer Girl
For Whom the Bell Tolls
Magpie Murders
In Cold Blood
Five Little Pigs
Crooked House
Tropic of Cancer
The Big Sleep
 
Answer Stats
Answer % Correct
Murder on the Orient Express
92%
Death on the Nile
82%
And Then There Were None
78%
The ABC Murders
51%
Evil Under the Sun
49%
The Murder of Roger Ackroyd
49%
The Murder at the Vicarage
42%
The Mysterious Affair at Styles
42%
Murder in Mesopotamia
39%
The Body in the Library
39%
Five Little Pigs
34%
The Seven Dials Mystery
33%
Why Didn't They Ask Evans?
32%
Sparkling Cyanide
27%
Death in the Clouds
26%
The Moving Finger
23%
Crooked House
22%
The Big Four
22%
No matching quizzes found
Score Distribution
Percent of People with Each Score
Percentile by Number Answered
Your Score History
You have not taken this quiz since the last reset